| 000 -LEADER |
| fixed length control field |
01529nam a2200361 i 4500 |
| 003 - CONTROL NUMBER IDENTIFIER |
| control field |
OSt |
| 005 - DATE AND TIME OF LATEST TRANSACTION |
| control field |
20260216105321.0 |
| 008 - FIXED-LENGTH DATA ELEMENTS--GENERAL INFORMATION |
| fixed length control field |
260216s2026 ua ||||| |||| 00| f ara d |
| 017 ## - COPYRIGHT OR LEGAL DEPOSIT NUMBER |
| Copyright or legal deposit number |
2026/1538 |
| Assigning agency |
مصر.دار الكتب |
| 020 ## - INTERNATIONAL STANDARD BOOK NUMBER |
| International Standard Book Number |
9789778912357 |
| Qualifying information |
غلاف ورقي |
| 040 ## - CATALOGING SOURCE |
| Original cataloging agency |
uoc |
| Language of cataloging |
ara |
| Transcribing agency |
uoc |
| Description conventions |
rda |
| 041 1# - LANGUAGE CODE |
| Language code of text/sound track or separate title |
ara |
| Language code of original |
eng |
| 082 04 - DEWEY DECIMAL CLASSIFICATION NUMBER |
| Edition number |
23 |
| Classification number |
813 |
| Item number |
AHM |
| 100 1# - MAIN ENTRY--PERSONAL NAME |
| Personal name |
الناعوق، أحمد |
| Relator term |
محرر. |
| 9 (RLIN) |
4670 |
| 240 10 - UNIFORM TITLE |
| Uniform title |
We are not numbers: The voices of Gaza's youth/ |
| Language of a work |
اللغة العربية. |
| 245 00 - TITLE STATEMENT |
| Title |
لسنا أرقاما: |
| Remainder of title |
أصوات شباب غزة/ |
| Statement of responsibility, etc. |
تحرير أحمد الناعوق، بام بايلي، شريف بكر؛ ترجمة محمدفؤاد؛ مراجعة لغوية خالد رجب. |
| 250 ## - EDITION STATEMENT |
| Edition statement |
الطبعة الأولى. |
| 264 #1 - PRODUCTION, PUBLICATION, DISTRIBUTION, MANUFACTURE, AND COPYRIGHT NOTICE |
| Place of production, publication, distribution, manufacture |
القاهرة : |
| Name of producer, publisher, distributor, manufacturer |
العربي للنشر والتوزيع، |
| Date of production, publication, distribution, manufacture, or copyright notice |
2026. |
| 264 #4 - PRODUCTION, PUBLICATION, DISTRIBUTION, MANUFACTURE, AND COPYRIGHT NOTICE |
| Date of production, publication, distribution, manufacture, or copyright notice |
© العربي للنشر والتوزيع. |
| 300 ## - PHYSICAL DESCRIPTION |
| Extent |
336 صفحة ; |
| Dimensions |
20 سم. |
| 337 ## - MEDIA TYPE |
| Source |
نوع المحتوى |
| Media type term |
نص |
| 338 ## - CARRIER TYPE |
| Source |
نوع الوسيط |
| Carrier type term |
دون وسيط |
| 347 ## - DIGITAL FILE CHARACTERISTICS |
| Source |
نوع الحامل |
| File type |
مجلد |
| 500 ## - GENERAL NOTE |
| General note |
تصميم الغلاف: منة مصطفى. |
| 650 #4 - SUBJECT ADDED ENTRY--TOPICAL TERM |
| Topical term or geographic name entry element |
المقاومة |
| Geographic subdivision |
فلسطين |
| 9 (RLIN) |
4671 |
| 650 #4 - SUBJECT ADDED ENTRY--TOPICAL TERM |
| Topical term or geographic name entry element |
غزة |
| Geographic subdivision |
فلسطين |
| 9 (RLIN) |
4672 |
| 650 #4 - SUBJECT ADDED ENTRY--TOPICAL TERM |
| Topical term or geographic name entry element |
الانتفاضة |
| Geographic subdivision |
فلسطين |
| 9 (RLIN) |
4673 |
| 700 01 - ADDED ENTRY--PERSONAL NAME |
| Personal name |
بايلي، بام |
| Relator term |
محرر. |
| 9 (RLIN) |
4674 |
| 700 01 - ADDED ENTRY--PERSONAL NAME |
| Personal name |
فؤاد، محمد |
| Relator term |
مترجم. |
| 9 (RLIN) |
4675 |
| 700 01 - ADDED ENTRY--PERSONAL NAME |
| Personal name |
بكر، شريف |
| Relator term |
محرر. |
| 700 01 - ADDED ENTRY--PERSONAL NAME |
| Personal name |
رجب، خالد |
| Relator term |
مراجع لغوي. |
| 9 (RLIN) |
4676 |
| 942 ## - ADDED ENTRY ELEMENTS (KOHA) |
| Source of classification or shelving scheme |
|
| Koha item type |
Book |